<?xml version="1.0" encoding="UTF-8"?><?xml-stylesheet type="text/xsl" href="static/style.xsl"?><OAI-PMH xmlns="http://www.openarchives.org/OAI/2.0/" xmlns:xsi="http://www.w3.org/2001/XMLSchema-instance" xsi:schemaLocation="http://www.openarchives.org/OAI/2.0/ http://www.openarchives.org/OAI/2.0/OAI-PMH.xsd"><responseDate>2026-04-14T15:24:16Z</responseDate><request verb="GetRecord" identifier="oai:uvadoc.uva.es:10324/1002" metadataPrefix="marc">https://uvadoc.uva.es/oai/request</request><GetRecord><record><header><identifier>oai:uvadoc.uva.es:10324/1002</identifier><datestamp>2025-02-13T10:58:35Z</datestamp><setSpec>com_10324_30605</setSpec><setSpec>com_10324_894</setSpec><setSpec>col_10324_41</setSpec></header><metadata><record xmlns="http://www.loc.gov/MARC21/slim" xmlns:doc="http://www.lyncode.com/xoai" xmlns:xsi="http://www.w3.org/2001/XMLSchema-instance" xmlns:dcterms="http://purl.org/dc/terms/" xsi:schemaLocation="http://www.loc.gov/MARC21/slim http://www.loc.gov/standards/marcxml/schema/MARC21slim.xsd">
<leader>00925njm 22002777a 4500</leader>
<datafield tag="042" ind1=" " ind2=" ">
<subfield code="a">dc</subfield>
</datafield>
<datafield tag="720" ind1=" " ind2=" ">
<subfield code="a">Díaz Torres, Mildred</subfield>
<subfield code="e">author</subfield>
</datafield>
<datafield tag="260" ind1=" " ind2=" ">
<subfield code="c">2012</subfield>
</datafield>
<datafield tag="520" ind1=" " ind2=" ">
<subfield code="a">La tesis doctoral titulada Toponimia del Valle del Turabo analiza, desde una perspectiva multidisciplinaria y sincrónica, la toponimia mayor y menor de la ciudad de Caguas (el Valle del Turabo), situada en la isla caribeña de Puerto Rico. El estudio de estos nombres de lugar comprende una clasificación en diferentes campos semánticos, y el análisis y clasificación de estas voces a la luz de diez criterios de naturaleza lingüística y extralingüística, a saber: su localización, tipo de accidente geográfico que designa, lengua de procedencia, motivación semántica, composición, estructura morfosintáctica, género y número, naturaleza y estructura morfológica. Con este trabajo de investigación, se ha pretendido, fundamentalmente, caracterizar la microtoponimia y macrotoponimia de Caguas, y con ello contribuir al estudio de la toponimia de Puerto Rico.</subfield>
</datafield>
<datafield tag="024" ind2=" " ind1="8">
<subfield code="a">http://uvadoc.uva.es/handle/10324/1002</subfield>
</datafield>
<datafield tag="024" ind2=" " ind1="8">
<subfield code="a">b1643811</subfield>
</datafield>
<datafield tag="024" ind2=" " ind1="8">
<subfield code="a">10.35376/10324/1002</subfield>
</datafield>
<datafield ind1=" " ind2=" " tag="653">
<subfield code="a">Caguas (Puerto Rico)-Toponimia</subfield>
</datafield>
<datafield tag="245" ind1="0" ind2="0">
<subfield code="a">Toponimia del Valle del Turabo</subfield>
</datafield>
</record></metadata></record></GetRecord></OAI-PMH>